German States by HDI - Statistics

General Stats
  • This quiz has been taken 89 times
  • The average score is 11 of 16
Answer Stats
HDI State % Correct
0.977 Berlin
94%
0.977 Hamburg
90%
0.972 Baden-Württemberg
87%
0.967 Bavaria
87%
0.961 Bremen
81%
0.963 Hesse
77%
0.955 North Rhine-Westphalia
74%
0.953 Saxony
68%
0.936 Brandenburg
65%
0.945 Lower Saxony
65%
0.948 Rhineland-Palatinate
65%
0.944 Saarland
61%
0.932 Mecklenburg-Vorpommern
55%
0.930 Saxony-Anhalt
52%
0.939 Schleswig-Holstein
52%
0.937 Thuringia
52%
No matching quizzes found
Score Distribution
Percent of People with Each Score
Percentile by Number Answered
Your Score History
You have not taken this quiz